[Event "Arco op 41st"]
[Site "Arco"]
[Date "2019.10.07"]
[Round "4"]
[White "Lupo, Francesco"]
[Black "Bruno, Elio"]
[Result "1-0"]
[WhiteElo "1811"]
[BlackElo "1519"]
[PlyCount "49"]
[EventDate "2019.10.04"]
[EventType "swiss"]
[EventRounds "9"]
[EventCountry "ITA"]
[SourceTitle "EXT 2020"]
[Source "ChessBase"]
[SourceDate "2019.10.17"]
[SourceVersion "1"]
[SourceVersionDate "2019.10.17"]
[SourceQuality "1"]

1. d4 Nf6 2. Bf4 g6 3. e3 Bg7 4. Bd3 d6 5. h3 b6 6. Qf3 c6 7. Nd2 Bb7 8. Ne2 Qc8 9. c3 0-0 10. 0-0 Re8 11. Bg5 Nfd7 12. Qg3 c5 13. Qh4 e5 14. Rac1 Qc6 15. d5 Qc8 16. c4 a5 17. g4 b5 18. b3 bxc4 19. bxc4 Na6 20. Ne4 Qc7 21. Be7 Nb4 22. Bxd6 Qc8 23. Bb1 Ra7 24. a3 Na6 25. Be7 1-0

[Event "Nova Gorica op-A 18th"]
[Site "Nova Gorica"]
[Date "2013.01.27"]
[Round "4"]
[White "Bruno, Elio"]
[Black "Mitovski, Borce"]
[Result "0-1"]
[WhiteElo "1613"]
[BlackElo "1630"]
[PlyCount "36"]
[EventDate "2013.01.25"]
[EventType "swiss"]
[EventRounds "9"]
[EventCountry "SLO"]
[SourceTitle "CBM 152 Extra"]
[Source "ChessBase"]
[SourceDate "2013.02.25"]
[SourceVersion "1"]
[SourceVersionDate "2013.02.25"]
[SourceQuality "1"]

1. e4 g6 2. d4 Bg7 3. Be3 b6 4. Be2 Bb7 5. Nc3 e6 6. Qd2 d6 7. f3 Ne7 8. Nh3 Nd7 9. g4 0-0 10. Bh6 Nc6 11. Bxg7 Qh4+ 12. Nf2 Kxg7 13. Bf1 e5 14. d5 Nd4 15. Bg2 Qf6 16. 0-0 c5 17. g5 Qe7 18. h4 f5 0-1

[Event "Nova Gorica op-A 18th"]
[Site "Nova Gorica"]
[Date "2013.01.27"]
[Round "5"]
[White "Cortese, Lina"]
[Black "Bruno, Elio"]
[Result "1-0"]
[WhiteElo "1585"]
[BlackElo "1613"]
[PlyCount "57"]
[EventDate "2013.01.25"]
[EventType "swiss"]
[EventRounds "9"]
[EventCountry "SLO"]
[SourceTitle "CBM 152 Extra"]
[Source "ChessBase"]
[SourceDate "2013.02.25"]
[SourceVersion "1"]
[SourceVersionDate "2013.02.25"]
[SourceQuality "1"]

1. c4 c5 2. Nc3 Nc6 3. g3 g6 4. Bg2 Bg7 5. Nf3 Nf6 6. d4 cxd4 7. Nxd4 Nxd4 8. Qxd4 0-0 9. Qd3 Rb8 10. 0-0 b6 11. e4 d6 12. Rd1 Nd7 13. f4 Nc5 14. Qd2 Bg4 15. Re1 Qc8 16. b3 Bh3 17. Bb2 Bxg2 18. Kxg2 Qc6 19. Nd5 Rb7 20. Bxg7 Kxg7 21. Qd4+ Kg8 22. b4 Ne6 23. Qd3 Rc8 24. Rec1 Nc7 25. a4 f5 26. Kf2 fxe4 27. Qxe4 Re8 28. Nxe7+ Rxe7 29. Qxc6 1-0

[Event "Verona Province-ch"]
[Site "Zevio Verona"]
[Date "2013.01.13"]
[Round "3"]
[White "Baldaccini, Franco"]
[Black "Bruno, Elio"]
[Result "1-0"]
[WhiteElo "1664"]
[BlackElo "1613"]
[PlyCount "83"]
[EventDate "2013.01.12"]
[EventType "swiss"]
[EventRounds "6"]
[EventCountry "ITA"]
[SourceTitle "EXT 2024"]
[Source "ChessBase"]
[SourceDate "2023.10.10"]
[SourceVersion "1"]
[SourceVersionDate "2023.10.10"]
[SourceQuality "1"]

1. e4 c5 2. d4 e6 3. Nf3 Be7 4. Be2 Nf6 5. e5 Nd5 6. c4 Nb6 7. d5 d6 8. 0-0 0-0 9. Nc3 a6 10. b3 dxe5 11. Nxe5 Bd6 12. f4 Qf6 13. Ne4 Qe7 14. Nxd6 Qxd6 15. Bb2 exd5 16. cxd5 Qxd5 17. Qc2 N8d7 18. Rad1 Qe6 19. a4 Kh8 20. a5 Nxe5 21. Bxe5 Nd7 22. Bc4 Qe8 23. Bb2 f6 24. Rf3 b5 25. Rh3 h6 26. Bd5 Ra7 27. Qd2 c4 28. bxc4 Nc5 29. Re3 Qg6 30. Ba3 Rc7 31. Qd4 Nd7 32. Bxf8 Nxf8 33. cxb5 Rd7 34. Qc5 Rd8 35. Rde1 Nd7 36. Qe7 Rf8 37. Bc6 Rf7 38. Qd8+ Rf8 39. Re8 Rxe8 40. Qxe8+ Kh7 41. Bxd7 Bb7 42. Qxg6+ 1-0

[Event "Verona Province-ch"]
[Site "Zevio Verona"]
[Date "2013.01.12"]
[Round "1"]
[White "Bruno, Elio"]
[Black "La Piana, Antonino"]
[Result "0-1"]
[WhiteElo "1613"]
[BlackElo "1830"]
[PlyCount "118"]
[EventDate "2013.01.12"]
[EventType "swiss"]
[EventRounds "6"]
[EventCountry "ITA"]
[SourceTitle "EXT 2024"]
[Source "ChessBase"]
[SourceDate "2023.10.10"]
[SourceVersion "1"]
[SourceVersionDate "2023.10.10"]
[SourceQuality "1"]

1. e4 e5 2. Nf3 Nc6 3. Bb5 a6 4. Ba4 Nf6 5. 0-0 b5 6. Bb3 Be7 7. Re1 0-0 8. c3 d6 9. h3 Na5 10. Bc2 c5 11. d4 cxd4 12. cxd4 Qc7 13. Nbd2 Bd7 14. Nf1 Rac8 15. Ne3 Nc6 16. d5 Nb4 17. Bb1 a5 18. a3 Na6 19. Nf5 Bxf5 20. exf5 Qb7 21. Ba2 Nc7 22. Bg5 h6 23. Bxf6 Bxf6 24. Re4 Na6 25. Rb1 Nc5 26. Re2 Rc7 27. Nh2 Rfc8 28. Ng4 Bg5 29. g3 Nd7 30. Ne3 Nb6 31. h4 Be7 32. Ng4 Nd7 33. Kh2 Nf6 34. Nxf6+ Bxf6 35. b4 a4 36. Rbb2 Rc3 37. Re3 Qc7 38. Qe2 Rxe3 39. fxe3 Qc3 40. Rd2 Qxa3 41. Qxb5 Qxe3 42. Re2 Qf3 43. Rg2 a3 44. Qd7 Rd8 45. Qc6 e4 46. Qb5 e3 47. Qe2 Qxe2 48. Rxe2 Bd4 49. Kg2 Rb8 50. Kf3 Rxb4 51. Rc2 Rb2 52. Rxb2 axb2 53. Bb1 Kf8 54. Be4 Ke7 55. g4 Kf6 56. Bb1 Ke5 57. Ba2 Bc5 58. h5 f6 59. Ke2 Kf4 0-1

[Event "Arco op 34th"]
[Site "Arco"]
[Date "2012.10.16"]
[Round "4"]
[White "Bruno, Elio"]
[Black "Anfruns, Carlos"]
[Result "1/2-1/2"]
[WhiteElo "1618"]
[BlackElo "1743"]
[PlyCount "119"]
[EventDate "2012.10.13"]
[EventType "swiss"]
[EventRounds "9"]
[EventCountry "ITA"]
[SourceTitle "EXT 2013"]
[Source "ChessBase"]
[SourceDate "2012.11.22"]
[SourceVersion "1"]
[SourceVersionDate "2012.11.22"]
[SourceQuality "1"]

1. e4 c6 2. d4 d5 3. Nc3 dxe4 4. Nxe4 Nd7 5. Bc4 Ngf6 6. Ng5 e6 7. Ne2 Bd6 8. 0-0 Nb6 9. Bb3 0-0 10. a4 a5 11. Bd2 h6 12. Nf3 Qc7 13. Ng3 Nbd5 14. c3 c5 15. Re1 b6 16. Ne5 Bb7 17. Bc2 Nd7 18. Ng4 N7f6 19. Nxf6+ Nxf6 20. Qc1 Qc6 21. f3 Qc7 22. dxc5 bxc5 23. Nf1 Ba6 24. h3 Bxf1 25. Rxf1 Bh2+ 26. Kh1 Nh5 27. f4 Bg3 28. Bd1 g6 29. Bxh5 gxh5 30. Qd1 h4 31. Qh5 Rfd8 32. Rad1 Rd5 33. Qxh6 Rad8 34. f5 exf5 35. c4 Re5 36. Qg5+ Kf8 37. Qxd8+ Qxd8 38. Bh6+ Ke8 39. Rxd8+ Kxd8 40. Rd1+ Kc7 41. Bg5 Kb7 42. Kg1 Re2 43. Rb1 Rc2 44. b3 Re2 45. Bd8 Ka6 46. Bf6 Re6 47. Bg7 Re2 48. Rf1 Re3 49. Rb1 Re2 50. Bf8 Kb6 51. Rf1 Re3 52. Rxf5 Rxb3 53. Bxc5+ Kc6 54. Bd4 Rb4 55. Rc5+ Kd6 56. Rf5 Rxc4 57. Rf6+ Ke7 58. Ba1 Rxa4 59. Rf1 Ke6 60. Rd1 1/2-1/2

[Event "Arco op 34th"]
[Site "Arco"]
[Date "2012.10.14"]
[Round "2"]
[White "Bruno, Elio"]
[Black "Del Nevo, Claudio"]
[Result "0-1"]
[WhiteElo "1618"]
[BlackElo "1821"]
[PlyCount "68"]
[EventDate "2012.10.13"]
[EventType "swiss"]
[EventRounds "9"]
[EventCountry "ITA"]
[SourceTitle "EXT 2013"]
[Source "ChessBase"]
[SourceDate "2012.11.22"]
[SourceVersion "1"]
[SourceVersionDate "2012.11.22"]
[SourceQuality "1"]

1. e4 d6 2. d4 Nf6 3. Nc3 c6 4. Bc4 g6 5. Bg5 Bg7 6. Qd2 b5 7. Bd3 0-0 8. Bh6 Bb7 9. Bxg7 Kxg7 10. 0-0-0 a5 11. h4 h5 12. Nh3 Qb6 13. Ne2 c5 14. dxc5 Qxc5 15. f3 Nbd7 16. Nc3 a4 17. Bxb5 a3 18. b3 Ne5 19. Qd4 Rfc8 20. Qxc5 Rxc5 21. Bc4 Nxc4 22. bxc4 Rxc4 23. Nb1 Nd7 24. Rd3 Rca4 25. Nf4 Nc5 26. Rc3 R8a5 27. g4 hxg4 28. fxg4 Nxe4 29. Rc7 Nc5 30. Rxe7 Bxh1 31. Ne2 Rxg4 32. h5 gxh5 33. Nec3 Rg1+ 34. Kd2 Ne6 0-1

[Event "Arvier Amatori op 2nd"]
[Site "Arvier"]
[Date "2012.01.05"]
[Round "4"]
[White "Bruno, Elio"]
[Black "Doromeychuk, Anton"]
[Result "0-1"]
[WhiteElo "1627"]
[BlackElo "1708"]
[PlyCount "44"]
[EventDate "2012.01.02"]
[EventType "swiss"]
[EventRounds "7"]
[EventCountry "ITA"]
[SourceTitle "EXT 2014"]
[Source "ChessBase"]
[SourceDate "2013.11.20"]
[SourceVersion "1"]
[SourceVersionDate "2013.11.20"]
[SourceQuality "1"]

1. e4 d6 2. d4 Nf6 3. f3 g6 4. Be3 Bg7 5. Qd2 h5 6. Nc3 a6 7. 0-0-0 b5 8. Kb1 Bb7 9. Nh3 Nbd7 10. Rg1 c5 11. d5 Nb6 12. g4 hxg4 13. fxg4 b4 14. Ne2 Nxe4 15. Qd3 Bxd5 16. Nef4 e6 17. Nxd5 exd5 18. g5 Qe7 19. Qe2 Qe5 20. Bc1 Na4 21. Rd3 Nxb2 22. Qg4 Nxd3 0-1

[Event "Arvier Amatori op 2nd"]
[Site "Arvier"]
[Date "2012.01.02"]
[Round "1"]
[White "Lacrosse, Marc"]
[Black "Bruno, Elio"]
[Result "1-0"]
[WhiteElo "2185"]
[BlackElo "1627"]
[PlyCount "69"]
[EventDate "2012.01.02"]
[EventType "swiss"]
[EventRounds "7"]
[EventCountry "ITA"]
[SourceTitle "EXT 2014"]
[Source "ChessBase"]
[SourceDate "2013.11.20"]
[SourceVersion "1"]
[SourceVersionDate "2013.11.20"]
[SourceQuality "1"]

1. d4 Nf6 2. c4 g6 3. Nc3 Bg7 4. e4 d6 5. Be2 0-0 6. Be3 e5 7. Nf3 Nbd7 8. 0-0 h6 9. h3 b6 10. Qc2 Bb7 11. d5 Nh5 12. Ne1 Nf4 13. Nd3 Nxd3 14. Bxd3 a6 15. b4 Nf6 16. c5 Nh5 17. cxb6 cxb6 18. Na4 b5 19. Nb6 Rb8 20. a4 Bc8 21. Nxc8 Rxc8 22. Qd2 Nf4 23. axb5 axb5 24. Bxb5 Kh7 25. Bd3 Ra8 26. b5 Nxd3 27. Qxd3 f5 28. f3 Rxa1 29. Rxa1 fxe4 30. fxe4 Rf7 31. b6 Rb7 32. Qa6 Qd7 33. Qc4 Qe7 34. Qc6 Bf8 35. Qxb7 1-0

[Event "Arco op 33rd"]
[Site "Arco"]
[Date "2011.10.30"]
[Round "9"]
[White "Bottesi, Gianluca"]
[Black "Bruno, Elio"]
[Result "1-0"]
[WhiteElo "1674"]
[BlackElo "1641"]
[PlyCount "107"]
[EventDate "2011.10.22"]
[EventType "swiss"]
[EventRounds "9"]
[EventCountry "ITA"]
[SourceTitle "EXT 2012"]
[Source "ChessBase"]
[SourceDate "2011.11.24"]
[SourceVersion "1"]
[SourceVersionDate "2011.11.24"]
[SourceQuality "1"]

1. c4 c5 2. g3 g6 3. Bg2 Bg7 4. Nc3 Nf6 5. Nf3 0-0 6. 0-0 d6 7. d3 Nbd7 8. h3 Rb8 9. Be3 Nb6 10. Qd2 Bh8 11. Bh6 Re8 12. a4 a5 13. Nb5 Bd7 14. Ra2 Bxb5 15. axb5 a4 16. Ng5 d5 17. Qc2 d4 18. b3 axb3 19. Qxb3 Bg7 20. Bxg7 Kxg7 21. Ra7 Qc7 22. Rfa1 e5 23. R1a6 h6 24. Ne4 Ng8 25. Qa3 Ne7 26. Nxc5 Nec8 27. Rxb7 Rxb7 28. Nxb7 e4 29. Nc5 exd3 30. exd3 Re1+ 31. Kh2 h5 32. Ne4 f5 33. Qc5 Qxc5 34. Nxc5 Rd1 35. Bb7 Rd2 36. Kg2 Rb2 37. Bxc8 Nxc8 38. Rc6 Ne7 39. Rc7 Kf7 40. Kf3 Kf6 41. Rd7 g5 42. Rxd4 g4+ 43. hxg4 fxg4+ 44. Kg2 Nf5 45. Rf4 Kg6 46. Re4 Kf7 47. Re5 Kf6 48. Nd7+ Kg6 49. b6 Nd4 50. c5 Nf3 51. Re3 Nd4 52. c6 Nf5 53. Re5 Nd4 54. c7 1-0

[Event "Arco op 33rd"]
[Site "Arco"]
[Date "2011.10.28"]
[Round "7"]
[White "De Polzer, Manfredi"]
[Black "Bruno, Elio"]
[Result "1-0"]
[WhiteElo "1706"]
[BlackElo "1641"]
[PlyCount "59"]
[EventDate "2011.10.22"]
[EventType "swiss"]
[EventRounds "9"]
[EventCountry "ITA"]
[SourceTitle "EXT 2012"]
[Source "ChessBase"]
[SourceDate "2011.11.24"]
[SourceVersion "1"]
[SourceVersionDate "2011.11.24"]
[SourceQuality "1"]

1. e4 c5 2. Nf3 d6 3. Bc4 Nf6 4. Nc3 e6 5. d4 cxd4 6. Nxd4 a6 7. 0-0 Be7 8. f4 0-0 9. Kh1 b5 10. Bd3 Bb7 11. Qf3 Nbd7 12. Re1 Nc5 13. Bf1 b4 14. Nd1 Bxe4 15. Rxe4 Nfxe4 16. Be3 Qc7 17. b3 d5 18. a4 Bd6 19. Rc1 Nc3 20. Nxc3 bxc3 21. g3 Rab8 22. Kg2 Ne4 23. Bxa6 Nd2 24. Qe2 Bb4 25. Bb5 g6 26. Nc6 Ra8 27. Nxb4 e5 28. Bc6 Rad8 29. Nxd5 Kg7 30. Nxc7 1-0

[Event "Arco op 33rd"]
[Site "Arco"]
[Date "2011.10.25"]
[Round "4.61"]
[White "Giaracuni, Claudio"]
[Black "Bruno, Elio"]
[Result "1-0"]
[WhiteElo "1830"]
[BlackElo "1641"]
[PlyCount "63"]
[EventDate "2011.10.22"]
[EventType "swiss"]
[EventRounds "9"]
[EventCountry "ITA"]
[SourceTitle "EXT 2012"]
[Source "ChessBase"]
[SourceDate "2011.11.24"]
[SourceVersion "1"]
[SourceVersionDate "2011.11.24"]
[SourceQuality "1"]

1. d4 Nf6 2. Nf3 g6 3. Bf4 Bg7 4. e3 0-0 5. c4 d5 6. Nc3 Bg4 7. Be2 Bxf3 8. Bxf3 dxc4 9. Bxb7 Nbd7 10. Bxa8 Qxa8 11. 0-0 c5 12. Qf3 Qc8 13. Nd5 Nxd5 14. Qxd5 cxd4 15. exd4 Nb6 16. Qe4 f5 17. Qxe7 Re8 18. Qxa7 Bxd4 19. Be3 Bxe3 20. fxe3 Qc5 21. Rae1 Ra8 22. Qb7 Rxa2 23. Qb8+ Kg7 24. Rf2 Nd5 25. Qe5+ Kh6 26. Rd2 Ra5 27. h4 Qb4 28. Red1 Nb6 29. Qf6 Qb3 30. Qg5+ Kg7 31. Rd7+ Nxd7 32. Rxd7+ 1-0

[Event "Arco op 33rd"]
[Site "Arco"]
[Date "2011.10.24"]
[Round "3"]
[White "Bruno, Elio"]
[Black "Trimarchi, Giuseppe"]
[Result "0-1"]
[WhiteElo "1641"]
[BlackElo "1923"]
[PlyCount "206"]
[EventDate "2011.10.22"]
[EventType "swiss"]
[EventRounds "9"]
[EventCountry "ITA"]
[SourceTitle "EXT 2012"]
[Source "ChessBase"]
[SourceDate "2011.11.24"]
[SourceVersion "1"]
[SourceVersionDate "2011.11.24"]
[SourceQuality "1"]

1. e4 e5 2. Nf3 Nc6 3. Bb5 a6 4. Ba4 Nf6 5. 0-0 Be7 6. Re1 b5 7. Bb3 d6 8. h3 Na5 9. c3 Nxb3 10. Qxb3 c5 11. d3 h6 12. Be3 Qc7 13. Nh2 0-0 14. Nd2 Rb8 15. Qc2 Be6 16. f4 exf4 17. Bxf4 Nd7 18. Nhf3 Bf6 19. a4 b4 20. c4 Ne5 21. Rf1 Nc6 22. Nb3 Be5 23. Nxe5 dxe5 24. Bg3 Qd6 25. Bf2 Nd4 26. Nxd4 cxd4 27. b3 f5 28. exf5 Rxf5 29. Qe2 Bd7 30. g4 Rf6 31. Bg3 Re8 32. Rxf6 gxf6 33. Qd2 Kg7 34. Rf1 a5 35. Bh4 Rf8 36. Bg3 Bc6 37. Qe2 Bb7 38. Qh2 Kh7 39. Rf2 Qc5 40. Kf1 Kg7 41. Rf5 Qe7 42. Rh5 Kg6 43. Qd2 Rh8 44. Qe2 Rh7 45. Qf2 Qe6 46. Qf5+ Qxf5+ 47. Rxf5 Bc8 48. Rf2 Re7 49. Bh4 Re6 50. Rf5 Bd7 51. Be1 Kg7 52. Bd2 Be8 53. Kf2 Bg6 54. Rf3 e4 55. dxe4 Bxe4 56. Rf4 Bc2 57. Rxd4 Bxb3 58. Rd5 Bxc4 59. Rd7+ Kg6 60. Be3 h5 61. gxh5+ Kxh5 62. Rh7+ Kg6 63. Rh6+ Kg7 64. Rh5 b3 65. Rxa5 Re7 66. Bd4 b2 67. Bxb2 Re2+ 68. Kg3 Rxb2 69. Rc5 Be2 70. a5 Ra2 71. Rd5 Kg6 72. Rc5 Bd3 73. Rd5 Bf5 74. h4 Ra3+ 75. Kf4 Ra4+ 76. Kg3 Rg4+ 77. Kf3 Rxh4 78. Ke3 Ra4 79. Rc5 Be4 80. Rb5 f5 81. Rc5 Kf6 82. Kf2 Ke6 83. Ke3 Kd6 84. Rb5 Bd5 85. Rb6+ Bc6 86. Ra6 Kc5 87. Ra7 Kb5 88. Rf7 Be4 89. Re7 Kxa5 90. Ra7+ Kb5 91. Rc7 Rc4 92. Re7 Kc5 93. Rc7+ Kd5 94. Rd7+ Ke6 95. Ra7 Rc3+ 96. Kf4 Rf3+ 97. Kg5 Ke5 98. Ra5+ Kd4 99. Ra4+ Ke3 100. Ra3+ Bd3 101. Rb3 Rg3+ 102. Kh4 Rg8 103. Ra3 f4 0-1

[Event "St Eufemia d'Aspromonte op-B 4th"]
[Site "St Eufemia d'Aspromonte"]
[Date "2011.01.03"]
[Round "2"]
[White "Bruno, Elio"]
[Black "Chite, Carmelo"]
[Result "1-0"]
[WhiteElo "1671"]
[BlackElo "1467"]
[PlyCount "63"]
[EventDate "2011.01.02"]
[EventType "swiss"]
[EventRounds "8"]
[EventCountry "ITA"]
[SourceTitle "EXT 2013"]
[Source "ChessBase"]
[SourceDate "2012.11.22"]
[SourceVersion "1"]
[SourceVersionDate "2012.11.22"]
[SourceQuality "1"]

1. e4 d5 2. exd5 Qxd5 3. Nc3 Qd6 4. d4 Nf6 5. h3 a6 6. Nf3 e6 7. Be2 b5 8. a3 Bb7 9. 0-0 Nbd7 10. Be3 Nd5 11. Nxd5 Bxd5 12. b3 Nb6 13. Qd2 Be7 14. Bf4 Qd8 15. Ne5 0-0 16. c4 bxc4 17. bxc4 Bb7 18. Rfb1 Rb8 19. a4 Bf6 20. Ra2 Bxe5 21. Bxe5 f6 22. Bg3 Qe7 23. Rab2 Be4 24. Ra1 e5 25. dxe5 fxe5 26. Qe3 Nxc4 27. Bxc4+ Kh8 28. Rxb8 Rxb8 29. Qxe4 Re8 30. Bxa6 c5 31. Bb5 Rf8 32. Qxe5 1-0

[Event "Costa Viola op 3rd"]
[Site "St Eufemia d'Aspromonte"]
[Date "2010.01.05"]
[Round "7"]
[White "Bruno, Elio"]
[Black "Massaro, Umile"]
[Result "1-0"]
[WhiteElo "1723"]
[BlackElo "1440"]
[PlyCount "61"]
[EventDate "2010.01.02"]
[EventType "swiss"]
[EventRounds "7"]
[EventCountry "ITA"]
[SourceTitle "EXT 2011"]
[Source "ChessBase"]
[SourceDate "2010.11.26"]
[SourceVersion "1"]
[SourceVersionDate "2010.11.26"]
[SourceQuality "1"]

1. e4 c5 2. Nf3 d6 3. d4 cxd4 4. Nxd4 a6 5. Nc3 e6 6. Be3 Be7 7. Bd3 Nf6 8. Qd2 b5 9. h3 Bb7 10. f3 Nc6 11. Nxc6 Bxc6 12. g4 h6 13. 0-0-0 d5 14. Bf4 dxe4 15. fxe4 Bb4 16. Qe3 Qe7 17. Ne2 Bc5 18. Qf3 0-0 19. g5 hxg5 20. Bxg5 Qd8 21. h4 Be7 22. Qh3 Qa5 23. Kb1 b4 24. Ng3 Rfe8 25. Rh2 Qe5 26. Re1 Bd6 27. Bxf6 Qxg3 28. Qxg3 Bxg3 29. Rg2 Bxe1 30. Rxg7+ Kf8 31. Rh7 1-0

[Event "Costa Viola op 3rd"]
[Site "St Eufemia d'Aspromonte"]
[Date "2010.01.02"]
[Round "1"]
[White "Bruno, Elio"]
[Black "Vazzana, Antonio"]
[Result "1-0"]
[WhiteElo "1723"]
[BlackElo "1449"]
[PlyCount "95"]
[EventDate "2010.01.02"]
[EventType "swiss"]
[EventRounds "7"]
[EventCountry "ITA"]
[SourceTitle "EXT 2011"]
[Source "ChessBase"]
[SourceDate "2010.11.26"]
[SourceVersion "1"]
[SourceVersionDate "2010.11.26"]
[SourceQuality "1"]

1. e4 c5 2. Nf3 d6 3. d4 cxd4 4. Nxd4 Nf6 5. Nc3 a6 6. Bg5 e6 7. Qd2 b5 8. a3 Bb7 9. f3 Nbd7 10. 0-0-0 Rc8 11. h4 Qc7 12. g4 d5 13. Bd3 Bxa3 14. bxa3 Qxc3 15. Qxc3 Rxc3 16. Kb2 Rc7 17. Rhe1 dxe4 18. Bxe4 Bxe4 19. Bxf6 Nxf6 20. g5 Bxf3 21. Nxf3 Nd5 22. Rxd5 0-0 23. Rd6 Rfc8 24. Re2 a5 25. Red2 g6 26. Rd8+ Rxd8 27. Rxd8+ Kg7 28. Rb8 Rc5 29. Rd8 f5 30. Rd7+ Kg8 31. Re7 Rc6 32. Rb7 Rc5 33. Re7 Rc6 34. Ra7 Rc5 35. Rxa5 e5 36. a4 e4 37. Nd4 e3 38. Rxb5 Rc4 39. Rb8+ Kf7 40. Rb7+ Ke8 41. c3 Rxa4 42. Kc2 f4 43. Kd3 Ra1 44. Rxh7 Rh1 45. Rg7 Rxh4 46. Rxg6 Kf7 47. Rf6+ Kg7 48. Nf5+ 1-0

[Event "Brescia op"]
[Site "Brescia"]
[Date "2009.06.11"]
[Round "6"]
[White "Bruno, Elio"]
[Black "Tiengo, Davide"]
[Result "0-1"]
[WhiteElo "1696"]
[BlackElo "2070"]
[PlyCount "33"]
[EventDate "2009.06.06"]
[EventType "swiss"]
[EventRounds "9"]
[EventCountry "ITA"]
[SourceTitle "EXT 2010"]
[Source "ChessBase"]
[SourceDate "2010.11.25"]
[SourceVersion "1"]
[SourceVersionDate "2010.11.25"]
[SourceQuality "1"]

1. d4 Nf6 2. c4 e6 3. Nc3 Bb4 4. a3 Bxc3+ 5. bxc3 c5 6. Nf3 Qa5 7. Qc2 Nc6 8. Bd2 d6 9. g3 0-0 10. Bg2 Qa6 11. d5 Ne5 12. dxe6 Bxe6 13. 0-0 Bxc4 14. Bf4 Bxe2 15. Rfe1 Bd3 16. Qd1 Rfd8 17. h3 0-1

[Event "Brescia op"]
[Site "Brescia"]
[Date "2009.06.08"]
[Round "3"]
[White "Conti, Ferdinando"]
[Black "Bruno, Elio"]
[Result "1/2-1/2"]
[WhiteElo "1640"]
[BlackElo "1696"]
[PlyCount "93"]
[EventDate "2009.06.06"]
[EventType "swiss"]
[EventRounds "9"]
[EventCountry "ITA"]
[SourceTitle "EXT 2010"]
[Source "ChessBase"]
[SourceDate "2010.11.25"]
[SourceVersion "1"]
[SourceVersionDate "2010.11.25"]
[SourceQuality "1"]

1. b4 Nf6 2. Bb2 g6 3. c4 Bg7 4. Nf3 0-0 5. e3 b6 6. Be2 Bb7 7. a4 a5 8. b5 d6 9. 0-0 Nbd7 10. Nc3 Ne4 11. Qc2 Nxc3 12. Bxc3 Bxc3 13. Qxc3 Nc5 14. d3 e5 15. Nd2 Re8 16. Bf3 e4 17. Nxe4 Nxe4 18. Bxe4 Bxe4 19. dxe4 Rxe4 20. f3 Re5 21. Rad1 Qe7 22. e4 Re8 23. Rd5 Re6 24. Qd3 Qh4 25. Qc2 g5 26. Qd2 Rg6 27. g3 Qh5 28. Rf5 h6 29. Qd5 Re7 30. f4 Qe2 31. fxg5 Qe3+ 32. Kg2 Rxg5 33. R1f3 Rxf5 34. exf5 Qe2+ 35. Rf2 Qe4+ 36. Rf3 Qxd5 37. cxd5 Re5 38. Rc3 Rxf5 39. Rxc7 Rxd5 40. Rc6 Rd4 41. Rxb6 Rxa4 42. Rxd6 Rb4 43. Rb6 Kg7 44. Rb7 a4 45. b6 a3 46. Ra7 Rb2+ 47. Kh3 1/2-1/2

[Event "Brescia op"]
[Site "Brescia"]
[Date "2009.06.07"]
[Round "2"]
[White "Bruno, Elio"]
[Black "Ghidinelli, Pier Giorgio"]
[Result "0-1"]
[WhiteElo "1696"]
[BlackElo "1843"]
[PlyCount "70"]
[EventDate "2009.06.06"]
[EventType "swiss"]
[EventRounds "9"]
[EventCountry "ITA"]
[SourceTitle "EXT 2010"]
[Source "ChessBase"]
[SourceDate "2010.11.25"]
[SourceVersion "1"]
[SourceVersionDate "2010.11.25"]
[SourceQuality "1"]

1. d4 Nf6 2. c4 g6 3. Nc3 e6 4. Bg5 Bg7 5. e4 h6 6. Bh4 g5 7. Bg3 d6 8. Qd2 Nh5 9. Be2 Nxg3 10. hxg3 Nc6 11. d5 Nd4 12. Bh5 exd5 13. cxd5 Qf6 14. 0-0-0 Bd7 15. e5 dxe5 16. Ne4 Qe7 17. Qa5 0-0 18. Qd2 f5 19. Nc3 b5 20. Nce2 c5 21. dxc6 Bxc6 22. f3 b4 23. Nxd4 exd4 24. Kb1 a5 25. Re1 Qf6 26. Qd3 Qd6 27. g4 Qc5 28. gxf5 Rxf5 29. Rc1 Bb5 30. Qe4 Qf8 31. Qe6+ Kh8 32. Rc7 Re5 33. Qb3 Re1+ 34. Kc2 Qf4 35. Qd5 d3+ 0-1

[Event "Cutro op-B 14th"]
[Site "Cutro"]
[Date "2008.05.01"]
[Round "7"]
[White "Manfredi, Candido"]
[Black "Bruno, Elio"]
[Result "1-0"]
[WhiteElo "1644"]
[BlackElo "1646"]
[PlyCount "109"]
[EventDate "2008.04.25"]
[EventType "swiss"]
[EventRounds "7"]
[EventCountry "ITA"]
[SourceTitle "EXT 2009"]
[Source "ChessBase"]
[SourceDate "2008.11.26"]
[SourceVersion "1"]
[SourceVersionDate "2008.11.26"]
[SourceQuality "1"]

1. e4 c5 2. Nf3 d6 3. d4 cxd4 4. Nxd4 Nf6 5. Nc3 a6 6. h3 e6 7. Bg5 Be7 8. Bd3 Bd7 9. 0-0 h6 10. Bxf6 Bxf6 11. Nde2 0-0 12. Rb1 Bc6 13. Ng3 Bxc3 14. bxc3 Qa5 15. f4 Qxc3 16. f5 Nd7 17. Kh1 Nf6 18. Qf3 Qe5 19. Rbe1 Rac8 20. Nh5 Nxh5 21. Qxh5 Qg3 22. f6 Qg5 23. Qe2 g6 24. Rf2 Bb5 25. Ref1 Rc3 26. Rf4 Bxd3 27. cxd3 Rfc8 28. Rg4 Qh5 29. Qe3 Rc2 30. Qf4 e5 31. Qe3 Kh7 32. Qb6 g5 33. Qxd6 Rxa2 34. Qxe5 Rcc2 35. Qf5+ Qg6 36. Qf3 b5 37. e5 Re2 38. d4 b4 39. Rc1 Rf2 40. Qa8 Rfc2 41. Re1 h5 42. Rg3 h4 43. Rg4 b3 44. Qd5 b2 45. Qxa2 Rc1 46. Qxb2 Rxe1+ 47. Kh2 Qd3 48. Qb7 Qc4 49. Rxg5 Rh1+ 50. Kxh1 Qf1+ 51. Kh2 Qf4+ 52. Kg1 Qc1+ 53. Kf2 Qd2+ 54. Kg1 Qe1+ 55. Kh2 1-0